MARC

LEADER 00000nam0a2200000 4500
001 373117
005 20231102012533.0
010 |a 5020132993 
035 |a (RuTPU)RU\TPU\retro\30543 
035 |a RU\TPU\book\270793 
090 |a 373117 
100 |a 20221215d1988 k y0rusy50 ca 
101 0 |a rus 
102 |a RU 
105 |a y z 000zy 
200 1 |a Население СССР за 70 лет  |f Л. Л. Рыбаковский [и др.] 
210 |a Москва  |c Наука  |d 1988 
215 |a 216 с. 
606 1 |a Демография  |x Математические методы  |2 stltpush  |3 (RuTPU)RU\TPU\subj\37565  |9 58476 
610 1 |a население 
610 1 |a демографические показатели 
610 1 |a анализ 
610 1 |a советское общество 
686 |a С7  |2 rubbk 
701 1 |a Рыбаковский  |b Л. Л.  |g Леонид Леонидович 
701 1 |a Зайончковская  |b Ж. А. 
701 1 |a Вишневский  |b А. Г.  |g Анатолий Григорьевич 
701 1 |a Тольц  |b М. С. 
701 1 |a Синельников  |b А. Б. 
701 1 |a Журавлёва  |b И. В. 
701 1 |a Филиппов  |b Ф. Р. 
701 1 |a Костаков  |b В. Г.  |g Владимир Григорьевич 
801 1 |a RU  |b 63413507  |c 20140110 
801 2 |a RU  |b 63413507  |c 20221215  |g RCR 
942 |c BK